000 00274nam a2200109 a 4500
005 20201002040613.0
008 140218s1995 000 spa d
020 _a0026217457
245 0 _aVegetarian Times Complete Cookbook.
260 _aNew York,
_c1995.
999 _c42543
_d42543
040 _aDO-SdBNP